000 00491nam a2200157 i 4500
001 20932
003 ES-MaACL
005 20230906152405.0
007 t|
008 021119s1899 sp ||||1| spa d
100 1 _aAdsuar y Moreno, Joaquín.
_918493
245 1 3 _aLa enseñanza del dibujo en las escuelas primarias y normales de España /
_cpor Joaquín Adsuar y Moreno.
260 _aMadrid :
_bHernando y C.,
_c1899.
300 _a374 p. ;
_c21 cm.
852 _aES-MaACL
_jA-1935
_bR.13091
999 _c20932
_d20932